00553 a2200145 4500010001400000020001100014035001300025037001600038082001900054100003600073245013200109260004000241270008300281300004300364 aENG-89560 c300.00 aEN-73093 bDBAD / PUB14a354.1040917671 aHashmi, Syed Masroor Ali Akhtar aAn introduction to the member and observer states of organization of the Islamic Conference/cby Syed Masroor Ali Akhtar Hashmi aNew DelhibHira Publicationsc2008 a257-E, Lane No. 1, Noor Nagar, P.O. Jamia Nagar,bNew Delhie110025k26924159 a195p.:bb & w photos, mapsc28 cm (Hb)